000 00578nam a22002297a 4500
003 UA-OsUOA
001 48570
007 ta
008 20070907b un ||||| |||| 00| 0 ukr d
100 _aСоколов В.
090 _a821.161.2
_bС59
942 _cBK
040 _aUA-OsUOA
_bukr
_cUA-OsUOA
_dUA-OsUOA
245 _aКрило під вітром
300 _a103 с.
955 _a3
041 _aukr
080 _a821.161.2
260 _aДонецьк
_c1966
650 7 _a82 Література. Літературознавство
_2UDC
999 _c334676
_d334676